000 01311cem a22003974a 4500
005 20260322212059.0
007 data
008 data
010 _a 2009580230
015 _aGBA859729
_2bnb
016 7 _a014596472
_2Uk
020 _a9781426302558
020 _a142630255X
034 0 _aa
040 _aIHV
_cIHV
_dDLC
_dUPZ
_dJN6
_dUKM
_dZS3
_dBAKER
_dBTCTA
_dVP@
_dDLC
042 _alccopycat
043 _an-us---
050 0 0 _aG1200
_b.N355 2008
052 _a3700
082 0 4 _a912.73
_222
092 _a912.73 Nat 2008
110 2 _aNational Geographic Society (U.S.)
245 1 0 _aNational Geographic United States atlas for young explorers.
_cNational Geographic Society (U.S.).
246 3 0 _aUnited States atlas for young explorers
250 _a3rd ed.
255 _aScales differ.
260 _aWashington, D.C. :
_bNational Geographic,
_cc2008.
300 _a1 atlas (175 p.) :
_bcol. ill., col. maps ;
_c35 cm.
500 _aPrevious ed.: 2004.
500 _aIncludes index.
520 _aPresents world, regional, and thematic maps as well as photographic essays on each continent.
650 0 _aChildren's atlases.
651 0 _aUnited States
_vMaps for children.
856 4 2 _3Publisher description
_uhttp://www.loc.gov/catdir/enhancements/fy0913/2009580230-d.html
001 data
999 _c1427
_d1427